L'héritage de la Révolution française, 1794-1814 : (Record no. 128227)

MARC details
000 -LEADER
campo de control de longitud fija 00843nam a2200217 i 4500
001 - NÚMERO DE CONTROL
campo de control 128227
003 - IDENTIFICADOR DE NÚMERO DE CONTROL
campo de control ES-MaACL
005 - FECHA Y HORA DE LA ÚLTIMA TRANSACCIÓN
campo de control 20230906193212.0
007 - CAMPO FIJO DE DESCRIPCIÓN FÍSICA--INFORMACIÓN GENERAL
campo de control de longitud fija t|
008 - DATOS DE LONGITUD FIJA--INFORMACIÓN GENERAL
campo de control de longitud fija 070626s1989 be ||||1| fre d
080 ## - NÚMERO DE LA CLASIFICACIÓN DECIMAL UNIVERSAL
Número de la Clasificación Decimal Universal 323.272(44)"1794-1814"
245 02 - MENCIÓN DEL TÍTULO
Título L'héritage de la Révolution française, 1794-1814 :
Resto del título [exposición] 17 mars-11 juin 1989, Galerie CGER.
260 ## - PUBLICACIÓN, DISTRIBUCIÓN, ETC.
Lugar de publicación, distribución, etc. [Bruxelles] :
Nombre del editor, distribuidor, etc. Caisse Générale d'Epargne et de Retraite,
Fecha de publicación, distribución, etc. [1989]
300 ## - DESCRIPCIÓN FÍSICA
Extensión 249 p. :
Otras características físicas il. ;
Dimensiones 28 cm.
651 #4 - PUNTO DE ACCESO ADICIONAL DE MATERIA--NOMBRE GEOGRÁFICO
Nombre geográfico Francia-
Subdivisión general Historia-
Subdivisión cronológica 1789-1799, Revolución-
Subdivisión de forma Exposiciones.
9 (RLIN) 172899
651 #4 - PUNTO DE ACCESO ADICIONAL DE MATERIA--NOMBRE GEOGRÁFICO
Nombre geográfico Francia-
Subdivisión general Historia-
Subdivisión cronológica 1789-1799, Revolución-
Subdivisión general Influencia.
9 (RLIN) 8690
655 #7 - TERMINO DE INDIZACIÓN--GENERO/FORMA
Fuente del término tgfbne
9 (RLIN) 193628
Datos o término principal de género/forma Catálogos de exposiciones
852 ## - LOCALIZACIÓN
Ubicación ES-MaACL
Número de control de estantería E-11755
Nota libre - Biblioteca Jacinto Martínez Lacalle
942 ## - ELEMENTOS DE ENTRADA SECUNDARIOS (KOHA)
Fuente del sistema de clasificación o colocación Clasificación decimal universal
Holdings
Estatus retirado Estado de pérdida Estado de daño No para préstamo Biblioteca de origen Biblioteca actual Ubicación en estantería Fecha de adquisición Fuente de adquisición Total de préstamos Signatura topográfica completa Código de barras Visto por última vez Precio de reemplazo Tipo de ítem Koha
        Biblioteca del Ateneo de Madrid Biblioteca del Ateneo de Madrid Depósito 2 17/01/2008     E-11755 1133553 23/02/2023 23/02/2023 Libro impreso